• 首页
  • 本馆介绍
  • 公告通知
  • 最新文献
  • 馆藏检索
  • 电子资源
  • 读者导购
  • 参考咨询
  • 我的图书馆
  • 登录
  • 详细信息显示
  • 放入我的书架
  • 预约/预借图书
  • 作者相关作品
  • 分类相关作品
  • 丛书相关作品
  • 出版社相关作品

书目信息

  • 表格格式
  • 工作单格式
  • 卡片格式
题名:
科学技术论
    
 
作者: 杨沛霆 , 冯之浚 , 陈昌曙 , 刘吉 著 ;肖俊明
分册:  
出版信息: 杭州   浙江教育出版社  1985
页数: 324页
开本: 20cm
丛书名: 现代管理丛书
单 册:
中图分类: G311
科图分类:
主题词: 科研管理 , 未来学
电子资源:
ISBN:
000 00826nam2 2200313 45
001 0185003253
005 20060818164027.26
010    @dCNY1.82
091    @aCN@b7346.345
100    @a19900816d1985 kemy0chiy0121 ea
101 0  @achi
102    @aCN@b330000
105    @ay z 000yy
200 10 @a科学技术论@Ake xue ji shu lun@f杨沛霆等著
210    @a杭州@c浙江教育出版社@d1985
215    @a324页@d20cm
225 2  @a现代管理丛书
410  0 @120010@a现代管理丛书
606    @a科研管理
606    @a未来学
690    @aG311@v3
701  0 @a杨沛霆@Ayang pei ting@4著
701  0 @a冯之浚@Afeng zhi jun@4著
701  0 @a陈昌曙@Achen chang shu@4著
701  0 @a刘吉@Aliu ji@4著
702  0 @a肖俊明@Axiao jun ming
801  0 @aCN@bTSSF@c20060818
801  2 @aCN@bNLC@c20060810
905    @a10447@dG311@e19
    
    科学技术论/杨沛霆等著.-杭州:浙江教育出版社,1985
    324页;20cm.-(现代管理丛书)
    
    
    ISBN :CNY1.82
    
●
相关链接 在E读中查询图书 在五车中查询图书 在当当中查询图书 在豆瓣中查询图书


正题名:科学技术论     索取号:G311/19         预约/预借

序号 登录号 条形码 馆藏地/架位号 状态 备注
1 0448234   204482345   密集书库/ [索取号:G311/19] 在馆    
2 0469223   204692234   密集书库/ [索取号:G311/19] 在馆    
唐山师范学院图书馆 欢迎您!
大连网信软件有限公司© 版权所有